00314nam a2200121Ia 4500008004100000041000800041082001700049100001800066245003000084260003900114300003200153365000700185240624s9999 xx 000 0 und d aeng a658.4092 BLA aBLANCHARD KEN aLEADING AT A HIGHER LEVEL c2007aNew DelhibPearson Education axxiv, : 355 : p. : cm. ; 23 cRS